| 000 | 00655nam a2200217Ia 4500 | ||
|---|---|---|---|
| 005 | 20250923145216.0 | ||
| 008 | 008 250917s9999 xx 000 0 eng d | ||
| 037 | _aTextual | ||
| 040 |
_aDSWL _beng _cDSWL |
||
| 041 |
_aeng _2eng |
||
| 084 |
_aYX,f5, N61;2 _qDSWL |
||
| 100 |
_aSchweinitz, Elizebeth De _9832906 |
||
| 245 | 0 |
_aInterviewing in the Social Sciences _cby Elizebeth De Schweinitz |
|
| 260 |
_aLondon _bNational Council of Social Services _c1962 |
||
| 300 | _a51p. | ||
| 365 |
_aINR _b4 .6 |
||
| 700 |
_aKarl De Schweintz _9832907 |
||
| 925 | _g4 .6 | ||
| 942 |
_cTEXL _hYX,f5, N61;2 |
||
| 999 |
_c1448478 _d1448478 |
||